[Event "SCO-ch op 128th"]
[Site "Dunfermline"]
[Date "2023.07.08"]
[Round "3"]
[White "Murray, Frankie"]
[Black "Malkin, Kenneth"]
[Result "0-1"]
[WhiteElo "1638"]
[BlackElo "1891"]
[PlyCount "74"]
[EventDate "2023.07.07"]
[EventType "swiss"]
[EventRounds "5"]
[EventCountry "SCO"]
[SourceTitle "CBM 215 Extra"]
[Source "ChessBase"]
[SourceDate "2023.09.30"]
[SourceVersion "1"]
[SourceVersionDate "2023.09.30"]
[SourceQuality "1"]

1. c4 Nf6 2. Nc3 g6 3. e4 d6 4. g3 Bg7 5. Bg2 0-0 6. Nge2 Nbd7 7. 0-0 e5 8. d3 a5 9. Bg5 h6 10. Bd2 Nc5 11. Be3 Ne6 12. f4 Ng4 13. Bc1 exf4 14. gxf4 c6 15. Qe1 Nd4 16. Nxd4 Bxd4+ 17. Kh1 Qb6 18. Nd1 f5 19. h3 Nf6 20. e5 Nh5 21. Bf3 Ng7 22. Qg3 Kh7 23. exd6 Qc5 24. h4 Qxd6 25. Nf2 Bd7 26. Nh3 Rae8 27. Rb1 Rf6 28. b3 Re7 29. Rd1 Rfe6 30. Bb2 Re3 31. Bxd4 Qxd4 32. Rg1 Be8 33. Qf2 Qxd3 34. Rbd1 Qc3 35. Rg3 Nh5 36. Ng5+ hxg5 37. Bxh5 Rxg3 0-1

[Event "Perth Congress"]
[Site "Perth"]
[Date "2017.02.17"]
[Round "1"]
[White "Roberts, Paul"]
[Black "Murray, Frankie"]
[Result "1-0"]
[WhiteElo "2151"]
[BlackElo "1878"]
[PlyCount "53"]
[EventDate "2017.02.17"]
[EventType "swiss"]
[EventRounds "5"]
[EventCountry "SCO"]
[SourceTitle "CBM 176 Extra"]
[Source "ChessBase"]
[SourceDate "2017.03.02"]
[SourceVersion "1"]
[SourceVersionDate "2017.03.02"]
[SourceQuality "1"]

1. e4 e6 2. d4 d5 3. Nd2 Nf6 4. Bd3 c5 5. c3 Nc6 6. Ngf3 cxd4 7. cxd4 Qb6 8. 0-0 Nxd4 9. Nxd4 Qxd4 10. Nf3 Qb6 11. Be3 Bc5 12. Bxc5 Qxc5 13. Rc1 Qb6 14. e5 Nd7 15. Qc2 h6 16. Qxc8+ Rxc8 17. Rxc8+ Ke7 18. Rxh8 Qxb2 19. Rc8 Nxe5 20. Rb1 Nxf3+ 21. gxf3 Qd2 22. Rxb7+ Kf6 23. Bb1 d4 24. Rcc7 d3 25. Rxf7+ Ke5 26. Bxd3 Qxd3 27. f4+ 1-0